Christliche Theologie und Weltreligionen

Shranjeno v:
Bibliografske podrobnosti
Glavni avtor: Münk, Hans J. (verfasser)
Drugi avtorji: Durst, Michael (verfasser)
Format: Knjiga
Jezik:nemščina
Izdano: Friburgo de Brisgovia Paulusverlag 2003
Serija:Theologische Berichte, 26
Teme:
Oznake: Označite
Brez oznak, prvi označite!

MARC

LEADER 00000cam a2200000 a 4500
001 UCE6788
003 CL-VaPUC
005 20220530100735.0
008 150507e20030000gw |||||||||||||||||ger|d
999 |c 358968  |d 358966 
020 |a 3722805929 
040 |c Pontificia Universidad Católica de Valparaíso 
082 0 4 |a 230  |b MUN  |2 21 
100 |a Münk, Hans J.  |e verfasser  |9 579393 
245 1 0 |a Christliche Theologie und Weltreligionen 
260 |a Friburgo de Brisgovia  |b Paulusverlag  |c 2003 
300 |a 239 p 
490 0 |a Theologische Berichte, 26 
583 |a last modification  |c 20150507 00:22:00  |k Rodrigo Vera 
650 0 |a Teología   |9 258766 
650 0 |a Teología cristiana  |9 308336 
650 0 |a Biblia  |9 257603 
650 0 |a Crítica e interpretación   |9 255042 
700 |a Durst, Michael  |e verfasser  |9 869946 
942 |c BK  |2 ddc 
945 |d 20150507 00:22:00  |a cmena 
952 |0 0  |1 0  |3 erb  |4 0  |6 230_000000000000000_MUN_2003  |7 0  |8 A  |9 467947  |a BIBTEO  |b BIBTEO  |e Casale Rolle, Carlos Ignacio, -2014  |i 5173671  |o 230 MUN 2003  |p 5173671  |r 2025-01-17  |w 2019-11-23  |y BK  |z Catalogado en:20150507  |k ICR